000 01914nam a2200217Ia 4500
003 OSt
005 20251219091604.0
008 210210b2012 xxu||||| |||| 00| 0 eng d
040 _cAL
041 _aKannada
082 _a539.721K PALK
100 _aPALAHALLI VISHVANATH
_dಪಾಲಹಳ್ಳಿ ವಿಶ್ವನಾಥ್
_9249493
245 _aKana kana devakana: Kiru prapanchadolage ondu iniku
_bಕಣ ಕಣ ದೇವಕಣ : ಕಿರು ಪ್ರಪಂಚದೊಳಗೆ ಒಂದು ಇಣಿಕು
260 _aBengaLUru
_bVasanta Prakashana
_c2012
300 _ax,117
520 _a'ಕಣ ಕಣ ದೇವಕಣ : ಕಿರು ಪ್ರಪಂಚದೊಳಗೆ ಒಂದು ಇಣಿಕು' ಪಾಲಹಳ್ಳಿ ವಿಶ್ವನಾಥ್ ಅವರು ಬರೆದ ವಿಜ್ಞಾನ ಕೃತಿಯಾಗಿದ್ದು, ಕ್ವಾಂಟಮ್ ಭೌತಶಾಸ್ತ್ರ ಮತ್ತು ಸಾಪೇಕ್ಷತಾ ಸಿದ್ಧಾಂತದಂತಹ ಸಂಕೀರ್ಣ ವಿಷಯಗಳನ್ನು ಸರಳವಾಗಿ ಸಾಮಾನ್ಯ ಜನರಿಗೆ ತಲುಪಿಸುವ ಉದ್ದೇಶದಿಂದ ರಚಿಸಲಾಗಿದೆ. ಈ ಪುಸ್ತಕವು ಪರಮಾಣುವಿನ ಒಳಗಿರುವ ಚಿಕ್ಕ ಪ್ರಪಂಚದ ಬಗ್ಗೆ, ಅಂದರೆ ಕಣಗಳ ಬಗ್ಗೆ ಆಸಕ್ತಿಕರವಾದ ಮಾಹಿತಿಯನ್ನು ನೀಡುತ್ತದೆ, ವಿಜ್ಞಾನದ ಆವಿಷ್ಕಾರಗಳೊಂದಿಗೆ ವಿಶ್ವಾದ ತಿಳುವಳಿಕೆಯನ್ನು ವಿಸ್ತರಿಸಲು ಸಹಾಯ ಮಾಡುತ್ತದೆ.
650 _aಭೌತವಿಜ್ಞಾನದ ಕಣ ಮತ್ತು ಕ್ವಾಂಟಮ್ ಸಿದ್ಧಾಂತಗಳ ಪರಿಚಯ.
_9249494
690 _aNuclear Physics
_9249495
906 _a067328
942 _2ddc
_cBK
999 _c149693
_d149693